States With Only One O - Statistics

General Stats
  • This quiz has been taken 56 times
    23 since last reset
  • The average score is 16 of 19
Answer Stats
States % Correct
Iowa
94%
Louisiana
94%
Washington
94%
California
88%
Florida
88%
Georgia
88%
Idaho
88%
Illinois
88%
Minnesota
88%
Missouri
88%
New York
88%
Rhode Island
88%
Wisconsin
88%
Wyoming
88%
Arizona
81%
Montana
81%
New Mexico
81%
Vermont
81%
Connecticut
75%
No matching quizzes found
Score Distribution
Percent of People with Each Score
Percentile by Number Answered
Your Score History
You have not taken this quiz since the last reset